| 000 | 00891nam a2200277 a 4500 | ||
|---|---|---|---|
| 001 | 24648 | ||
| 003 | CO-ViMGA | ||
| 008 | 141112s2004 ck r 000 u spa d | ||
| 015 | _ack - 2010 - xxxx | ||
| 020 | _a9789586486576 | ||
| 040 |
_aCO-ViMGA _bspa _cCO-ViMGA |
||
| 082 | 0 | 4 | _a658.301 C828g |
| 100 | 1 |
_aCuesta Santos, Armando _936720 |
|
| 245 | 1 | 0 |
_aGestión del talento humano y del conocimiento / _cArmando Cuesta Santos. |
| 250 | _a1a. ed. | ||
| 260 |
_aBogotá : _bEcoe Ediciones, _c2010 |
||
| 300 | _a448 p. ; 24 cm. | ||
| 490 | _aColección Ciencias administrativas | ||
| 504 | _aBibliografía : p. 437 - 448 | ||
| 598 | _aNEW - GRAL | ||
| 650 | 1 | 4 | _aAdministración de personal |
| 650 | 1 | 4 |
_aPlanificación de recursos humanos _917351 |
| 917 | _a2010 - 6804 2 ejemplares | ||
| 942 |
_2ddc _cBK |
||
| 990 | _a2010 - 6804 Ecoe Ediciones 2 ejemplares 21 29092010 a733499 | ||
| 999 |
_c32460 _d32460 |
||